Huszadik századi román spiritualitás Ioanichie Balan : A moldvai szerzetesek élete /

Elmentve itt :
Bibliográfiai részletek
Szerző: Miklós Péter
További közreműködők: Bǎlan Ioanichie
Dokumentumtípus: Cikk
Megjelent: 2003
Sorozat:Aetas 18 No. 1
Kulcsszavak:Szerzetesség - Moldva - 19-20. sz. - életrajz - könyvismertetés, Ortodox egyháztörténet - Románia - 19-20. sz. - életrajz - könyvismertetés
Online Access:http://acta.bibl.u-szeged.hu/41104
LEADER 00800nab a2200193 i 4500
001 acta41104
005 20260224081030.0
008 170726s2003 hu o 000 hun d
022 |a 0237-7934 
040 |a SZTE Egyetemi Kiadványok Repozitórium  |b hun 
041 |a hun 
100 1 |a Miklós Péter 
245 1 0 |a Huszadik századi román spiritualitás   |h [elektronikus dokumentum] :  |b Ioanichie Balan : A moldvai szerzetesek élete /  |c  Miklós Péter 
260 |c 2003 
300 |a 168-170 
490 0 |a Aetas  |v 18 No. 1 
695 |a Szerzetesség - Moldva - 19-20. sz. - életrajz - könyvismertetés, Ortodox egyháztörténet - Románia - 19-20. sz. - életrajz - könyvismertetés 
700 0 1 |a Bǎlan Ioanichie 
856 4 0 |u http://acta.bibl.u-szeged.hu/41104/1/aetas_2003_001_168-170.pdf  |z Dokumentum-elérés